Hedgerow history : ecology, history and landscape character /

Bibliographic Details
Main Author: Barnes, Gerry
Other Authors: Williamson, Tom, 1955-
Format: Book
Language:English
Published: Bollington [England] : Windgather ; [2006]
Subjects:

MARC

Tag First Indicator Second Indicator Subfields
LEADER 00000cam a2200000 a 4500
001 in00002118932
005 20151103064641.0
008 050701s2006 enkab b 001 0 eng
015 |a GBA569532  |2 bnb 
016 7 |a 013274867  |2 Uk 
020 |a 1905119046 (pbk.) 
035 |a (OCoLC)ocm61302895 
040 |a UKM  |c UKM  |d BWKUK  |d BAKER  |d TXA  |d UtOrBLW 
049 |a TXAM 
050 4 |a SD409.5  |b .B37 2006 
082 0 4 |a 508.41  |2 22 
100 1 |a Barnes, Gerry. 
245 1 0 |a Hedgerow history :  |b ecology, history and landscape character /  |c Gerry Barnes and Tom Williamson. 
246 3 |a Ecology, history and landscape character 
264 1 |a Bollington [England] :  |b Windgather ;  |c [2006] 
264 2 |a London :  |b Distributed by Central Books Ltd., 
264 4 |c ©2006 
300 |a viii, 152 pages :  |b illustrations (some color), maps ;  |c 25 cm. 
336 |a text  |b txt  |2 rdacontent 
337 |a unmediated  |b n  |2 rdamedia 
338 |a volume  |b nc  |2 rdacarrier 
504 |a Includes bibliographical references (pages 143-147) and index. 
650 0 |a Windbreaks, shelterbelts, etc.  |z Great Britain. 
650 0 |a Landscape archaeology  |z Great Britain. 
700 1 |a Williamson, Tom,  |d 1955- 
938 |a Baker & Taylor  |b BKTY  |c 35.00  |d 35.00  |i 1905119046  |n 0006482071  |s active 
948 |a cataloged  |b h  |c 2006/5/2  |d c  |e bwalker  |f 11:06:05 am 
994 |a C0  |b TXA 
999 |a MARS 
999 f f |s 2e074ca1-f840-3182-89fd-7dcdf7d3beb4  |i 2fd572d4-883d-3cad-b0cd-4d26e2cb5d06  |t 0 
952 f f |p ric  |a Texas A&M University  |b Rellis Campus  |c Joint Library Facility  |d Remote Storage  |t 0  |e SD409.5 .B37 2006  |h Library of Congress classification  |i unmediated -- volume  |m A14832716676 
998 f f |a SD409.5 .B37 2006  |t 0  |l Remote Storage